O segredo do Licorne (Registo nº 1832)

Detalhes MARC
000 -Etiqueta do registo
Cabeçalho 00644nam a22002411 4500
005 - Identificador da versão
Campo de controlo 20240827103616.0
010 ## - Número internacional normalizado dos livros (ISBN)
Número (ISBN) 972553199X
021 ## - Número do Depósito Legal
Código do país PT
Número 28847/89
100 ## - Dados gerais de processamento
Dados gerais de processamento 20070514d1990 damy0pory5003 ba
101 1# - Língua de publicação
Língua do texto, banda sonora, etc. Português
Língua do documento no original Francês
102 ## - Pais de publicação ou produção
País de publicação Portugal
105 ## - Campo de dados codificados: livros
Dados codificados dos livros a t 000zy
106 ## - Campo de dados codificados: material textual
Dados codificados do material textual r
200 1# - Titulo e menção de responsabilidade
Título próprio O segredo do Licorne
Primeira menção de responsabilidade Hergé
210 ## - Publicação, Distribuição, etc. 
Lugar da edição, distribuição, etc. Lisboa
Nome do editor, distribuidor, etc. Difusão Verbo
Data da publicação, distribuição, etc. cop. 1990
215 ## - Descrição física 
Indicação específica da natureza do documento e extensão da espécie [2], 62 p.
Outras indicações físicas todo il.
Dimensões 31 cm
225 2# - Colecção 
Título próprio da colecção As aventuras de Tintim
606 ## - Nome comum usado como assunto
Número de registo de entrada de autoridade 0000226
Palavra de ordem Literatura estrangeira infanto-juvenil
Subdivisão de assunto Banda desenhada
675 ## - Classificação Decimal Universal (CDU)
Notação 82-9
Edição
Língua da edição por
700 #0 - Nome de autor-pessoa física (responsabilidade principal)
Número de registo de entrada de autoridade 0000356
Palavra de ordem Hergé
Elementos de identificação ou distinção pseud.
942 ## - Elementos de entrada adicionados (Koha)
Tipo de item no Koha Livro
Exemplares
Situação do levantamento Origin of item (home branch) (coded) Biblioteca de empréstimo Código de barras Cota Circulation type (not for loan) Tipo de documento Nota do exemplar Damaged status
  Biblioteca Escolar da Coca Maravilhas Biblioteca Escolar da Coca Maravilhas BECM3082/96 8BD TIN   Livro Sem mensagem